[Event "FIDE Chesscom Grand Swiss 2019"]
[Site "Douglas-Isle of Man"]
[Date "2019.10.18"]
[Round "8.35"]
[White "Solomon, Kenny"]
[Black "Parligras, Mircea-Emilian"]
[Result "0-1"]
[WhiteElo "2382"]
[BlackElo "2629"]
[Annotator "TA"]
[PlyCount "84"]
[EventDate "2019.10.10"]
[EventType "swiss"]
[EventCountry "GBR"]
[SourceTitle "playchess.com"]
[Source "ChessBase"]
[SourceQuality "1"]

{[%evp 9,84,-2,19,15,22,14,22,11,29,28,28,25,18,24,16,12,33,25,46,37,60,17,25,12,7,8,25,17,7,17,15,3,26,10,13,6,6,6,6,16,16,13,6,-120,-114,-115,-122,-128,-92,-100,-91,-95,-6,-133,-120,-125,-134,-708,-668,-700,-695,-679,-668,-699,-521,-687,-693,-1200,-1172,-1304,-1187,-1116,-935,-927,-908,-906,-847]} 1. d4 Nf6 2. c4 e6 3. g3 d5 4. Nf3 Bb4+ 5. Bd2 Bd6 (5... Be7 6. Bg2 O-O 7. O-O Nbd7 8. a4 a5 9. Qc2 c6 10. Na3 Ne4 11. Bf4 g5 12. Be3 f5 13. Rad1 Qe8 14. Qc1 h6 15. Ne5 Kh7 {½-½ (104) Nakamura,H (2743)-Karjakin,S (2750) Saint Louis 2019}) 6. Nc3 {E01: Catalan: Early deviations} O-O 7. Bg5 Be7 8. Bg2 {The position is equal.} h6 9. Bxf6 Bxf6 10. O-O $146 ({Predecessor:} 10. e4 dxc4 11. e5 Be7 12. Qe2 Bd7 13. Qxc4 {1-0 (54) Kuzubov,Y (2636)-Parligras,M (2629) Mamaia 2019}) 10... c6 11. Qc2 Nd7 12. Rfd1 a5 13. b3 b6 14. e4 {[%cal Rc4d5]} Bb7 15. h4 Rc8 16. Qe2 Ba6 17. Bf1 Re8 18. Qe3 {[%cal Rc4d5]} Bb7 19. e5 Be7 20. cxd5 cxd5 21. Bb5 Ba3 22. Ne2 Re7 23. g4 Nf8 $1 24. h5 Rec7 25. Bd3 Nh7 26. Bxh7+ (26. Kh1 $11) 26... Kxh7 $17 27. g5 Ba6 28. Ng3 Qe7 29. Kg2 Rc2 30. Rh1 Rb2 (30... Bb5 $17 31. Qf4 Qf8) 31. Rh4 (31. Rhc1 $11 {remains equal.}) 31... Rcc2 32. Rf4 {next Rxf7! is good for White.} Rxf2+ 33. Qxf2 $4 {[%mdl 8192] [#]} (33. Kh3 $17 hxg5 {[#]} 34. Rxf7 $1 {[%mdl 512]} Rh2+ 35. Kg4 Rh4+ 36. Nxh4 Qxf7 37. Qxg5) 33... Rxf2+ $19 {Black is clearly winning.} 34. Kxf2 hxg5 35. Rg4 f6 36. Rh1 {If only White now had time for h6!...} Kh6 37. exf6 gxf6 38. Ne2 Qc7 39. Ne1 Bd6 40. Rg2 Bxe2 41. Kxe2 Qc3 42. Nf3 Bf4 {Accuracy: White = 54%, Black = 56%.} 0-1

[Event "FIDE Chesscom Grand Swiss 2019"]
[Site "Douglas-Isle of Man"]
[Date "2019.10.18"]
[Round "8.36"]
[White "Stefanova, Antoaneta"]
[Black "Arkell, Keith C"]
[Result "1-0"]
[WhiteElo "2479"]
[BlackElo "2447"]
[Annotator "ChessBase"]
[PlyCount "101"]
[EventDate "2019.10.10"]
[EventType "swiss"]
[EventCountry "GBR"]
[SourceTitle "playchess.com"]
[Source "ChessBase"]
[SourceQuality "1"]
[TimeControl "40/6000+30:20/3000+30:900+30"]

1. e4 {[%emt 0:01:04]} c6 {[%emt 0:00:00]} 2. Nc3 {[%emt 0:00:20]} d5 {[%emt 0:00:00]} 3. Nf3 {[%emt 0:00:16]} Bg4 {[%emt 0:00:06]} 4. h3 {[%emt 0:00:19]} Bxf3 {[%emt 0:00:06]} 5. Qxf3 {[%emt 0:00:04]} dxe4 {[%emt 0:00:16]} 6. Nxe4 {[%emt 0:05:11]} Nd7 {[%emt 0:00:05]} 7. b4 {[%emt 0:19:16]} Ngf6 {[%emt 0:03:26]} 8. b5 {[%emt 0:20:10]} Qc7 {[%emt 0:29:12]} 9. Bb2 {[%emt 0:05:53]} Nxe4 {[%emt 0:01:22]} 10. Qxe4 {[%emt 0:02:49]} e6 {[%emt 0:04:04]} 11. g4 {[%emt 0:08:06]} Nf6 {[%emt 0:04:36]} 12. Qf3 {[%emt 0:14:34]} Rd8 {[%emt 0:07:48]} 13. Bg2 {[%emt 0:05:25]} cxb5 {[%emt 0:10:45]} 14. Qxb7 {[%emt 0:00:32]} Qxb7 {[%emt 0:00:04]} 15. Bxb7 {[%emt 0:00:05]} Bb4 {[%emt 0:08:51]} 16. Bc6+ {[%emt 0:03:42]} Kf8 {[%emt 0:05:40]} 17. O-O-O {[%emt 0:01:42]} a6 {[%emt 0:03:28]} 18. f4 {[%emt 0:00:44]} Nd5 {[%emt 0:02:30]} 19. f5 {[%emt 0:03:55]} exf5 {[%emt 0:03:59]} 20. gxf5 {[%emt 0:00:28]} f6 {[%emt 0:00:13]} 21. Rhg1 {[%emt 0:03:33]} Nf4 {[%emt 0:07:51]} 22. Rg4 {[%emt 0:03:19]} Bd6 {[%emt 0:00:45]} 23. Rf1 {[%emt 0:00:52]} Nd3+ {[%emt 0:01:21]} 24. Kb1 {[%emt 0:04:59]} Nxb2 {[%emt 0:00:17]} 25. Kxb2 {[%emt 0:00:02]} Be5+ {[%emt 0:00:22]} 26. Kc1 {[%emt 0:00:06]} Rd6 {[%emt 0:01:16]} 27. Bb7 {[%emt 0:00:40]} Kf7 {[%emt 0:10:54]} 28. Rfg1 {[%emt 0:00:09]} Rg8 {[%emt 0:01:49]} 29. Bc8 {[%emt 0:00:21]} g5 {[%emt 0:01:06]} 30. Be6+ {[%emt 0:00:31]} Rxe6 {[%emt 0:00:04]} 31. fxe6+ {[%emt 0:00:03]} Kxe6 {[%emt 0:00:06]} 32. a4 {[%emt 0:00:10]} h5 {[%emt 0:00:19]} 33. Rb4 {[%emt 0:00:15]} Bd6 {[%emt 0:00:33]} 34. Rb3 {[%emt 0:03:57]} bxa4 {[%emt 0:00:41]} 35. Rb6 {[%emt 0:00:16]} g4 {[%emt 0:00:27]} 36. Rxa6 {[%emt 0:00:35]} a3 {[%emt 0:00:27]} 37. hxg4 {[%emt 0:02:30]} hxg4 {[%emt 0:00:04]} 38. Rg3 {[%emt 0:00:41]} Rg5 {[%emt 0:00:50]} 39. Rd3 {[%emt 0:01:10]} Rd5 {[%emt 0:00:29]} 40. Rxd5 {[%emt 0:00:26]} Kxd5 {[%emt 0:00:04]} 41. c4+ {[%emt 0:50:13]} Ke5 {[%emt 0:23:47]} 42. d4+ {[%emt 0:00:00]} Ke6 {[%emt 0:00:13]} 43. c5 {[%emt 0:00:00]} g3 {[%emt 0:00:08]} 44. cxd6 {[%emt 0:00:00]} g2 {[%emt 0:21:45]} 45. d7+ {[%emt 0:00:00]} Kf7 {[%emt 0:00:11]} 46. d8=Q {[%emt 0:00:00]} g1=Q+ {[%emt 0:00:11]} 47. Kc2 {[%emt 0:00:00]} Qg2+ {[%emt 0:03:48]} 48. Kb3 {[%emt 0:00:00]} Qb2+ {[%emt 0:00:24]} 49. Ka4 {[%emt 0:00:00]} Qc2+ {[%emt 0:00:24]} 50. Ka5 {[%emt 0:00:00]} Qf5+ {[%emt 0:05:07]} 51. Kb6 {[%emt 0:00:00]} 1-0

[Event "FIDE Chesscom Grand Swiss 2019"]
[Site "Douglas-Isle of Man"]
[Date "2019.10.18"]
[Round "8.37"]
[White "Jansa, Vlastimil"]
[Black "Prithu Gupta"]
[Result "0-1"]
[WhiteElo "2452"]
[BlackElo "2493"]
[Annotator "ChessBase"]
[PlyCount "82"]
[EventDate "2019.10.10"]
[EventType "swiss"]
[EventCountry "GBR"]
[SourceTitle "playchess.com"]
[Source "ChessBase"]
[SourceQuality "1"]
[TimeControl "40/6000+30:20/3000+30:900+30"]

1. e4 {[%emt 0:00:00]} e5 {[%emt 0:00:00]} 2. Nf3 {[%emt 0:00:00]} Nc6 {[%emt 0:00:00]} 3. Bb5 {[%emt 0:00:00]} g6 {[%emt 0:00:00]} 4. c3 {[%emt 0:00:46]} a6 {[%emt 0:00:00]} 5. Ba4 {[%emt 0:00:13]} Bg7 {[%emt 0:00:00]} 6. d4 {[%emt 0:01:21]} exd4 {[%emt 0:00:05]} 7. cxd4 {[%emt 0:00:06]} b5 {[%emt 0:00:04]} 8. Bc2 {[%emt 0:01:53]} d6 {[%emt 0:00:04]} 9. h3 {[%emt 0:01:18]} Nf6 {[%emt 0:00:10]} 10. O-O {[%emt 0:01:01]} O-O {[%emt 0:00:33]} 11. Re1 {[%emt 0:01:32]} Bb7 {[%emt 0:01:19]} 12. Nc3 {[%emt 0:07:50]} Re8 {[%emt 0:00:07]} 13. Bg5 {[%emt 0:06:03]} h6 {[%emt 0:00:06]} 14. Bh4 {[%emt 0:00:45]} Na5 {[%emt 0:00:05]} 15. a3 {[%emt 0:12:07]} Nc4 {[%emt 0:07:49]} 16. Qc1 {[%emt 0:06:48]} g5 {[%emt 0:00:41]} 17. Bg3 {[%emt 0:00:26]} c5 {[%emt 0:03:11]} 18. d5 {[%emt 0:20:21]} Nh5 {[%emt 0:02:46]} 19. Bh2 {[%emt 0:03:16]} Bc8 {[%emt 0:23:06]} 20. Bd3 {[%emt 0:12:03]} Ne5 {[%emt 0:03:03]} 21. Nxe5 {[%emt 0:00:39]} Bxe5 {[%emt 0:00:43]} 22. Bxe5 {[%emt 0:00:23]} Rxe5 {[%emt 0:00:19]} 23. Qd2 {[%emt 0:03:41]} Nf4 {[%emt 0:05:08]} 24. Bf1 {[%emt 0:00:46]} Qf6 {[%emt 0:00:18]} 25. Re3 {[%emt 0:04:19]} Bd7 {[%emt 0:01:53]} 26. Rf3 {[%emt 0:04:37]} Qg7 {[%emt 0:00:12]} 27. b4 {[%emt 0:01:43]} Rc8 {[%emt 0:02:49]} 28. Rc1 {[%emt 0:00:18]} Ree8 {[%emt 0:00:54]} 29. Re3 {[%emt 0:01:31]} Rc7 {[%emt 0:03:38]} 30. Ne2 {[%emt 0:01:06]} c4 {[%emt 0:04:53]} 31. Rcc3 {[%emt 0:04:19]} Bc8 {[%emt 0:04:15]} 32. Nd4 {[%emt 0:07:23]} Rce7 {[%emt 0:00:51]} 33. f3 {[%emt 0:02:59]} Bd7 {[%emt 0:01:28]} 34. Kh2 {[%emt 0:02:10]} f5 {[%emt 0:02:02]} 35. Nxf5 {[%emt 0:01:35]} Bxf5 {[%emt 0:00:06]} 36. exf5 {[%emt 0:00:02]} Rxe3 {[%emt 0:00:34]} 37. Rxe3 {[%emt 0:00:05]} Rxe3 {[%emt 0:00:05]} 38. Qxe3 {[%emt 0:00:12]} Qe5 {[%emt 0:00:06]} 39. Qa7 {[%emt 0:03:14]} Nxd5+ {[%emt 0:02:49]} 40. g3 {[%emt 0:00:34]} Ne3 {[%emt 0:00:24]} 41. Bg2 {[%emt 0:05:11]} Nxf5 {[%emt 0:00:22]} 0-1

[Event "FIDE Chesscom Grand Swiss 2019"]
[Site "Douglas-Isle of Man"]
[Date "2019.10.18"]
[Round "8.38"]
[White "Movsziszian, Karen"]
[Black "Sebag, Marie"]
[Result "1-0"]
[WhiteElo "2475"]
[BlackElo "2445"]
[Annotator "ChessBase"]
[PlyCount "71"]
[EventDate "2019.10.10"]
[EventType "swiss"]
[EventCountry "GBR"]
[SourceTitle "playchess.com"]
[Source "ChessBase"]
[SourceQuality "1"]
[TimeControl "40/6000+30:20/3000+30:900+30"]

1. g3 {[%emt 0:00:00]} d5 {[%emt 0:00:00]} 2. Nf3 {[%emt 0:00:05]} g6 {[%emt 0:00:09]} 3. Bg2 {[%emt 0:04:13]} Bg7 {[%emt 0:00:06]} 4. O-O {[%emt 0:00:28]} e5 {[%emt 0:00:19]} 5. d3 {[%emt 0:00:01]} Ne7 {[%emt 0:00:13]} 6. c3 {[%emt 0:00:04]} a5 {[%emt 0:03:19]} 7. a4 {[%emt 0:00:16]} O-O {[%emt 0:00:44]} 8. e4 {[%emt 0:00:03]} Nbc6 {[%emt 0:03:12]} 9. Na3 {[%emt 0:02:18]} h6 {[%emt 0:16:24]} 10. Nb5 {[%emt 0:01:51]} Be6 {[%emt 0:03:24]} 11. Be3 {[%emt 0:00:19]} Qd7 {[%emt 0:09:45]} 12. Bc5 {[%emt 0:00:31]} Rfe8 {[%emt 0:04:50]} 13. Qc2 {[%emt 0:00:06]} b6 {[%emt 0:04:21]} 14. Ba3 {[%emt 0:00:02]} Rad8 {[%emt 0:06:34]} 15. Rfe1 {[%emt 0:00:11]} f5 {[%emt 0:02:09]} 16. Rad1 {[%emt 0:10:46]} Kh7 {[%emt 0:06:31]} 17. h4 {[%emt 0:11:34]} Ng8 {[%emt 0:03:03]} 18. c4 {[%emt 0:14:12]} dxe4 {[%emt 0:07:38]} 19. dxe4 {[%emt 0:00:19]} Qf7 {[%emt 0:00:28]} 20. h5 {[%emt 0:15:37]} g5 {[%emt 0:12:37]} 21. Nxc7 {[%emt 0:02:07]} f4 {[%emt 0:00:21]} 22. Nxe8 {[%emt 0:02:38]} Rxe8 {[%emt 0:00:03]} 23. Rd6 {[%emt 0:01:48]} Rc8 {[%emt 0:02:38]} 24. c5 {[%emt 0:06:10]} bxc5 {[%emt 0:02:07]} 25. Qxc5 {[%emt 0:02:56]} Nge7 {[%emt 0:07:06]} 26. Qb5 {[%emt 0:02:07]} Rb8 {[%emt 0:03:32]} 27. Qd3 {[%emt 0:03:18]} Bg4 {[%emt 0:05:28]} 28. Rc1 {[%emt 0:02:12]} Nb4 {[%emt 0:03:15]} 29. Bxb4 {[%emt 0:04:09]} Rxb4 {[%emt 0:00:05]} 30. Nh2 {[%emt 0:00:52]} Be6 {[%emt 0:01:10]} 31. Qa6 {[%emt 0:02:05]} fxg3 {[%emt 0:01:36]} 32. fxg3 {[%emt 0:00:14]} Bc4 {[%emt 0:00:21]} 33. Qa7 {[%emt 0:03:47]} Rxb2 {[%emt 0:00:27]} 34. Rd7 {[%emt 0:01:17]} Bf8 {[%emt 0:00:17]} 35. Ng4 {[%emt 0:07:22]} Kg8 {[%emt 0:01:12]} 36. Rxe7 {[%emt 0:00:48]} 1-0

[Event "FIDE Chesscom Grand Swiss 2019"]
[Site "Douglas-Isle of Man"]
[Date "2019.10.18"]
[Round "8.39"]
[White "Batsiashvili, Nino"]
[Black "Atalik, Ekaterina"]
[Result "1/2-1/2"]
[WhiteElo "2422"]
[BlackElo "2464"]
[Annotator "TA"]
[PlyCount "94"]
[EventDate "2019.10.10"]
[EventType "swiss"]
[EventCountry "GBR"]
[SourceTitle "playchess.com"]
[Source "ChessBase"]
[SourceQuality "1"]

{[%evp 17,94,15,14,0,7,0,0,0,0,0,0,0,0,0,35,6,20,0,14,0,29,0,26,-45,-42,-45,-14,-7,-5,-28,48,49,49,49,49,52,43,39,40,43,101,99,102,-4,-3,-4,-3,-25,-29,-87,0,0,12,12,12,9,133,127,314,0,67,17,8,8,38,38,38,38,38,37,38,35,35,35,35,35,35,35,35]} 1. Nf3 d5 2. c4 e6 3. g3 Nf6 4. Bg2 Be7 5. O-O O-O 6. b3 b6 7. cxd5 exd5 8. Bb2 Bb7 9. d4 Nbd7 10. Nbd2 {[%cal Bb1d2,Bd2c4,Bc4e5,Be5c6][%mdl 32] E17: Queen's Indian: 4 g3 Bb7 5 Bg2 Be7} (10. Nc3 Re8 11. Rc1 Bf8 12. Qc2 a6 13. Rfd1 Rc8 14. e3 Qe7 15. Ne5 Qe6 16. Ne2 c6 17. Nf4 Qd6 18. Bh3 Rc7 19. b4 {½-½ (39) Leko,P (2691)-Bacrot,E (2725) Riadh 2017}) 10... Bd6 11. Nh4 Re8 12. Rc1 {The position is equal.} g6 $146 ({Predecessor:} 12... Rb8 13. e3 g6 14. Nhf3 {1-0 (49) Bischoff,K (2465)-Glienke,M (2300) Germany 1988}) 13. Nc4 Bf8 14. Ne5 Ne4 15. Qc2 Bd6 16. Nc6 (16. Bxe4 $5 dxe4 17. Rfd1 $11) 16... Qf6 17. Nf3 Qf5 18. b4 a6 19. a4 Nb8 20. b5 (20. Nce5 $11) 20... axb5 $15 21. axb5 Nxc6 (21... Bxc6 $5 22. bxc6 Na6 $15) 22. bxc6 Ba6 23. Ne5 $1 Qe6 ({Black should try} 23... Bxe5 $11 24. dxe5 Bb5) 24. Bxe4 $14 Bxe5 25. Bxd5 Qxd5 26. dxe5 {Strongly threatening Rfd1.} Qe6 27. f4 {Hoping for f5.} Rad8 28. Rf2 Rd5 ({Black should play} 28... Bb5 $14) 29. f5 $1 $16 {[%cal Rf5e6]} gxf5 30. Rxf5 (30. Rcf1 $1 $16 Qg6 31. Qxf5 (31. Rxf5 Bc8 $16)) 30... Bd3 $1 $11 {[%cal Rd3c2]} 31. Rg5+ Bg6 {Threatens to win with ...h6.} 32. Qe4 Red8 33. Qh4 (33. Qf3 $11 {keeps the balance.}) 33... Rd1+ (33... Rd2 $1 $17 {...f6 is the strong threat.} 34. Rg4 Ra8) 34. Kf2 R8d2 35. Rxd1 Rxd1 36. Rg4 Qf5+ (36... Qxc6 $11 {remains equal.} 37. Rd4 Rxd4 38. Qxd4 Qc5) 37. Rf4 $16 Qe6 $2 {[#]} ({Avoid the trap} 37... Qc2 $2 38. Bd4 $18) (37... Qh5 $16) 38. Qf6 $2 (38. Rf6 $1 $18 {[%cal Rf6e6]} Qe8 {[#]} 39. e6 $1 {[%mdl 512]} fxe6 40. Ba3) 38... Rd2 (38... Qh3 $11 39. e6 Qxh2+ 40. Ke3 Qxg3+ 41. Rf3 Qg1+ 42. Kf4 Qh2+ {[%mdl 64] Double Attack} 43. Ke3 Qg1+ 44. Kf4 Qh2+ {[%mdl 64] Double Attack} 45. Ke3 Qg1+) 39. Rd4 (39. Ra4 {is interesting.} Qxf6+ 40. exf6 h6 41. Be5 Rc2 42. Bxc7 Rxc6 43. Bd8) 39... Rxd4 40. Bxd4 Qxf6+ (40... Qf5+ {keeps more tension.} 41. Qxf5 Bxf5 42. Ke3 Be6 43. Kf4 Bd5) 41. exf6 $11 {[%mdl 4096] Endgame KB-KB. White is slightly better.} Be4 42. Be5 Bxc6 43. Bxc7 b5 44. Ba5 h5 45. Ke3 Kh7 46. Kf4 Kg6 47. Bc3 Bd7 {Accuracy: White = 45%, Black = 41%.} 1/2-1/2

[Event "FIDE Chesscom Grand Swiss 2019"]
[Site "Douglas-Isle of Man"]
[Date "2019.10.18"]
[Round "8.40"]
[White "Kolbus, Dietmar"]
[Black "Cramling, Pia"]
[Result "1/2-1/2"]
[WhiteElo "2300"]
[BlackElo "2462"]
[Annotator "ChessBase"]
[PlyCount "78"]
[EventDate "2019.10.10"]
[EventType "swiss"]
[EventCountry "GBR"]
[SourceTitle "playchess.com"]
[Source "ChessBase"]
[SourceQuality "1"]
[TimeControl "40/6000+30:20/3000+30:900+30"]

1. c4 {[%emt 0:00:00]} e6 {[%emt 0:00:00]} 2. Nf3 {[%emt 0:00:06]} Nf6 {[%emt 0:00:00]} 3. g3 {[%emt 0:00:46]} d5 {[%emt 0:00:27]} 4. Bg2 {[%emt 0:01:06]} Be7 {[%emt 0:00:47]} 5. O-O {[%emt 0:00:15]} O-O {[%emt 0:00:26]} 6. b3 {[%emt 0:01:26]} b6 {[%emt 0:02:00]} 7. Bb2 {[%emt 0:01:12]} Bb7 {[%emt 0:00:18]} 8. cxd5 {[%emt 0:00:44]} Nxd5 {[%emt 0:01:16]} 9. Nc3 {[%emt 0:00:09]} Nf6 {[%emt 0:04:45]} 10. d4 {[%emt 0:01:23]} Nbd7 {[%emt 0:04:52]} 11. Rc1 {[%emt 0:00:24]} c5 {[%emt 0:04:58]} 12. dxc5 {[%emt 0:00:58]} Nxc5 {[%emt 0:06:40]} 13. Qxd8 {[%emt 0:01:55]} Rfxd8 {[%emt 0:00:05]} 14. Rfd1 {[%emt 0:00:10]} a6 {[%emt 0:13:08]} 15. Ne5 {[%emt 0:01:44]} Bxg2 {[%emt 0:02:39]} 16. Kxg2 {[%emt 0:00:04]} Rxd1 {[%emt 0:03:24]} 17. Rxd1 {[%emt 0:00:05]} Rc8 {[%emt 0:02:16]} 18. Rc1 {[%emt 0:07:04]} Bf8 {[%emt 0:20:42]} 19. Na4 {[%emt 0:06:41]} b5 {[%emt 0:02:27]} 20. Nxc5 {[%emt 0:00:41]} Rxc5 {[%emt 0:00:05]} 21. Rxc5 {[%emt 0:00:56]} Bxc5 {[%emt 0:00:03]} 22. Nd3 {[%emt 0:02:17]} Be7 {[%emt 0:02:54]} 23. Bd4 {[%emt 0:05:50]} Nd7 {[%emt 0:04:02]} 24. e4 {[%emt 0:01:17]} f5 {[%emt 0:01:21]} 25. f3 {[%emt 0:01:19]} Kf7 {[%emt 0:03:18]} 26. g4 {[%emt 0:02:16]} g6 {[%emt 0:01:10]} 27. Ne5+ {[%emt 0:04:54]} Nxe5 {[%emt 0:00:39]} 28. Bxe5 {[%emt 0:00:06]} fxg4 {[%emt 0:03:57]} 29. fxg4 {[%emt 0:00:07]} Ke8 {[%emt 0:02:20]} 30. Kf3 {[%emt 0:00:58]} Kd7 {[%emt 0:00:40]} 31. h3 {[%emt 0:00:24]} Bg5 {[%emt 0:01:07]} 32. Ke2 {[%emt 0:00:16]} Kc6 {[%emt 0:00:08]} 33. Bd4 {[%emt 0:00:15]} Bf4 {[%emt 0:00:58]} 34. Kd3 {[%emt 0:00:10]} Bc7 {[%emt 0:01:45]} 35. Be3 {[%emt 0:00:38]} Be5 {[%emt 0:00:17]} 36. Bf2 {[%emt 0:00:08]} Bf6 {[%emt 0:00:25]} 37. Be3 {[%emt 0:00:19]} Be5 {[%emt 0:00:10]} 38. Bf2 {[%emt 0:00:05]} Bf6 {[%emt 0:00:05]} 39. Be3 {[%emt 0:00:05]} Be5 {[%emt 0:00:02]} 1/2-1/2

[Event "FIDE Chesscom Grand Swiss 2019"]
[Site "Douglas-Isle of Man"]
[Date "2019.10.18"]
[Round "8.41"]
[White "Wu, Li"]
[Black "Bulmaga, Irina"]
[Result "0-1"]
[WhiteElo "2332"]
[BlackElo "2442"]
[Annotator "TA"]
[PlyCount "54"]
[EventDate "2019.10.10"]
[EventType "swiss"]
[EventCountry "GBR"]
[SourceTitle "playchess.com"]
[Source "ChessBase"]
[SourceQuality "1"]

{[%evp 20,72,25,25,25,20,29,27,27,35,34,35,25,0,0,3,72,67,134,65,46,79,114,110,109,0,111,0,0,-46,-50,-52,-73,-156,-160,-444,-424,-1421,-1344,-1127,-730,-693,-679,-901,-682,-887,-831,-29975,-29959,-5285,-851,-29981,-820,-787,-787]} 1. Nf3 Nf6 2. g3 b6 3. Bg2 Bb7 4. O-O e6 5. d4 Be7 6. c4 O-O 7. Nc3 Ne4 8. Bd2 c5 9. d5 exd5 10. cxd5 Nxd2 11. Nxd2 d6 {E18: Queen's Indian: Old Main Line (4 g3 Bb7 5 Bg2 Be7 6 0-0 0-0 7 Nc3)} 12. e4 Bf6 13. Re1 Nd7 {White has an edge.} 14. f4 Ba6 $146 ({Predecessor:} 14... Re8 15. Nc4 Bxc3 16. bxc3 Qf6 17. Qa4 {1-0 (17) Vera Gonzalez Quevedo,R (2525)-Jerez Perez,A (2270) Sitges 1993}) 15. Nf3 Re8 16. Qa4 Bd3 17. Nb5 $1 $36 {[%cal Rb5d6][%mdl 2048] White has good play.} c4 (17... Qb8 $11) 18. Nxd6 $16 b5 (18... Bxb2 $14 19. Rad1 (19. Nxe8 Bxa1 20. Rxa1 Nc5 $14) 19... b5) 19. Qa6 ({Don't go for} 19. Nxb5 $2 Nc5 $19) ({White should try} 19. Qxb5 $16 {Strongly threatening e5.} Rb8 20. Qa6) 19... Bxb2 $14 20. Nxe8 Qxe8 21. e5 $1 ({Resist} 21. Qxb5 Bxa1 22. Rxa1 Rb8 $11) 21... Nc5 22. Qa5 (22. Qd6 $1 $16 {[%cal Rd6c5]} Bxa1 23. Rxa1) 22... Ne4 (22... Bxa1 $11 23. Rxa1 Be4) 23. Rac1 (23. Qc7 $16) 23... a6 $11 24. Bf1 Bxc1 25. Bxd3 cxd3 26. Rxe4 {[#]} ({Better is} 26. Rxc1 Qd7 27. Qc7 Qxc7 28. Rxc7) 26... Qd7 $1 $17 {[%cal Rd7d5]} 27. d6 $2 (27. Qe1 $17 Ba3 28. d6 Bc5+ 29. Kg2) 27... Qb7 {Played: Qd7-c6} 0-1

[Event "FIDE Chesscom Grand Swiss 2019"]
[Site "Douglas-Isle of Man"]
[Date "2019.10.18"]
[Round "8.42"]
[White "Allen, Keith"]
[Black "Dahl, Baard"]
[Result "1/2-1/2"]
[WhiteElo "2161"]
[BlackElo "2067"]
[Annotator "NA"]
[PlyCount "89"]
[EventDate "2019.10.10"]
[EventType "swiss"]
[EventCountry "GBR"]
[SourceTitle "playchess.com"]
[Source "ChessBase"]
[SourceQuality "1"]
[TimeControl "40/6000+30:20/3000+30:900+30"]

1. d4 {[%emt 0:02:13]} Nf6 {[%emt 0:00:00]} 2. c4 {[%emt 0:00:13]} g6 {[%emt 0:00:00]} 3. Nc3 {[%emt 0:00:18]} d5 {[%emt 0:00:00]} 4. cxd5 {[%emt 0:00:24]} Nxd5 {[%emt 0:00:00]} 5. e4 {[%emt 0:00:05]} Nxc3 {[%emt 0:00:03]} 6. bxc3 {[%emt 0:00:04]} Bg7 {[%emt 0:00:07]} 7. Qa4+ {[%emt 0:00:26]} Nd7 {[%emt 0:01:08]} 8. Nf3 {[%emt 0:00:31]} c5 {[%emt 0:01:43]} 9. Bg5 {[%emt 0:02:02]} O-O {[%emt 0:01:38]} 10. Be2 {[%emt 0:00:28]} h6 {[%emt 0:05:42]} 11. Bh4 {[%emt 0:10:12]} g5 {[%emt 0:11:13]} 12. Bg3 {[%emt 0:00:09]} cxd4 {[%emt 0:00:26]} 13. Nxd4 {[%emt 0:08:11]} Nc5 {[%emt 0:17:16]} 14. Qc2 {[%emt 0:01:43]} Qa5 {[%emt 0:09:33]} 15. O-O {[%emt 0:02:52]} Na4 {[%emt 0:02:04]} 16. Rac1 {[%emt 0:07:11]} Bd7 {[%emt 0:21:25]} 17. Rfd1 {[%emt 0:01:40]} Rfd8 {[%emt 0:01:34]} 18. c4 {[%emt 0:14:13]} Rac8 {[%emt 0:02:10]} 19. f3 {[%emt 0:03:29]} e5 {[%emt 0:10:03]} 20. Nb3 {[%emt 0:13:06]} Qc7 {[%emt 0:00:09]} 21. c5 {[%emt 0:02:44]} Bf8 {[%emt 0:02:03]} 22. Rd5 {[%emt 0:04:52]} f6 {[%emt 0:00:50]} 23. Qc4 {[%emt 0:10:49]} Kg7 {[%emt 0:00:07]} 24. Bf2 {[%emt 0:00:32]} Bc6 {[%emt 0:04:44]} 25. Rc2 {[%emt 0:03:27]} Qf7 {[%emt 0:03:16]} 26. Rxd8 {[%emt 0:00:51]} Qxc4 {[%emt 0:00:30]} 27. Bxc4 {[%emt 0:00:47]} Rxd8 {[%emt 0:00:04]} 28. Kf1 {[%emt 0:02:35]} b6 {[%emt 0:05:48]} 29. cxb6 {[%emt 0:02:43]} Nxb6 {[%emt 0:00:16]} 30. Ba6 {[%emt 0:02:24]} Ba4 {[%emt 0:00:54]} 31. Rc7+ {[%emt 0:02:38]} Rd7 {[%emt 0:00:17]} 32. Rxd7+ {[%emt 0:00:20]} Bxd7 {[%emt 0:00:24]} 33. Nc5 {[%emt 0:01:49]} Bc8 {[%emt 0:07:36]} 34. Bxc8 {[%emt 0:02:55]} Nxc8 {[%emt 0:00:13]} 35. Ne6+ {[%emt 0:00:30]} Kf7 {[%emt 0:00:05]} 36. Nxf8 {[%emt 0:00:10]} Kxf8 {[%emt 0:00:02]} 37. Bc5+ {[%emt 0:05:32]} Ke8 {[%emt 0:00:07]} 38. g4 {[%emt 0:00:34]} a6 {[%emt 0:01:44]} 39. Ke2 {[%emt 0:00:47]} Ne7 {[%emt 0:00:35]} 40. Bxe7 {[%emt 0:01:53]} Kxe7 {[%emt 0:00:02]} 41. Kd3 {[%emt 0:03:33]} Kd6 {[%emt 0:01:46]} 42. Kc4 {[%emt 0:08:42]} Kc6 {[%emt 0:00:09]} 43. Kb4 {[%emt 0:01:18]} Kb6 {[%emt 0:00:13]} 44. a3 {[%emt 0:00:42]} Kc6 {[%emt 0:00:11]} 45. a4 {[%emt 0:01:05]} 1/2-1/2